000 00842nam a2200265Ia 4500
003 OSt
005 20220925185858.0
006 a|||||r|||| 00| 0
007 ta
008 220923b |||||||| |||| 00| 0 eng d
020 _a9781133273431
_c4713.1700000000001
037 _b5314, 30/09/2014, RAJKIRAN BOOK AGENCY
_cGeneral Book
040 _aRTL
_cRTL
_beng
041 _2eng
_aeng
082 _aX:51b4, Q3
100 _aZIKMUND William G.
_9236184
245 0 _aEssentials of marketing research
250 _a5th
260 _aAustralia
_bSouth Western Cengage Learning
_c2013
300 _axxiv, 452p
_ccm.
650 _aCommerce
700 _a BABIN Baray J.
_9236185
942 _hX:51b4, Q3
_cGB
_2CC
999 _c512512
_d512512